[Event "CP-2015-Q-00005"]
[Site "LSS email"]
[Date "2015.12.02"]
[Round "?"]
[White "Husemann, Andreas"]
[Black "Raffaele, Enzo"]
[Result "1/2-1/2"]
[WhiteElo "2226"]
[BlackElo "2210"]
[PlyCount "45"]
[EventDate "2015.12.08"]
[EventType "tourn (corr)"]
[EventRounds "6"]
[EventCountry "GER"]
[SourceTitle "Corr 2022"]
[Source "ChessBase"]
[SourceDate "2021.10.24"]
[SourceVersion "1"]
[SourceVersionDate "2021.10.24"]
[SourceQuality "1"]

1. d4 Nf6 2. c4 e6 3. Nc3 Bb4 4. Qc2 0-0 5. a3 Bxc3+ 6. Qxc3 d6 7. f3 b6 8. e4 c5 9. Ne2 d5 10. exd5 exd5 11. Bg5 cxd4 12. Nxd4 Re8+ 13. Be2 Nbd7 14. 0-0 Ba6 15. Rfe1 Qc8 16. b4 Bxc4 17. Bxc4 Qxc4 18. Qd2 h6 19. Rec1 Qa6 20. Bxf6 Nxf6 21. Rc6 Nd7 22. Rd6 Nf6 23. Rc6 1/2-1/2

[Event "CP-2015-Q-00005"]
[Site "LSS email"]
[Date "2015.12.02"]
[Round "?"]
[White "Vovk, Ilja"]
[Black "Raffaele, Enzo"]
[Result "1/2-1/2"]
[WhiteElo "2001"]
[BlackElo "2210"]
[PlyCount "69"]
[EventDate "2015.12.08"]
[EventType "tourn (corr)"]
[EventRounds "6"]
[EventCountry "GER"]
[SourceTitle "Corr 2022"]
[Source "ChessBase"]
[SourceDate "2021.10.24"]
[SourceVersion "1"]
[SourceVersionDate "2021.10.24"]
[SourceQuality "1"]

1. d4 Nf6 2. Bf4 d5 3. e3 Bg4 4. f3 Bd7 5. Bd3 c6 6. Ne2 c5 7. c4 cxd4 8. exd4 dxc4 9. Bxc4 Nc6 10. Nbc3 e6 11. 0-0 Rc8 12. d5 exd5 13. Nxd5 Be6 14. Nxf6+ Qxf6 15. Rc1 Qxb2 16. Bg5 h6 17. Bxe6 fxe6 18. Bh4 Bb4 19. Nf4 0-0 20. Nxe6 Rfe8 21. Rc2 Qe5 22. Re2 Qd6 23. Rfe1 Qxd1 24. Rxd1 Bc3 25. Re4 Be5 26. Nc5 Bd4+ 27. Bf2 Bxc5 28. Rxe8+ Rxe8 29. Bxc5 Re2 30. a4 Rc2 31. Be3 Ra2 32. Rd7 a5 33. Rxb7 Rxa4 34. Rb6 Ne7 35. Bc5 1/2-1/2

[Event "WC-2015-Q-00006"]
[Site "LSS email"]
[Date "2015.09.08"]
[Round "?"]
[White "Konstantinov, Maxim"]
[Black "Raffaele, Enzo"]
[Result "1-0"]
[WhiteElo "2439"]
[BlackElo "2206"]
[PlyCount "81"]
[EventDate "2015.09.15"]
[EventType "tourn (corr)"]
[EventRounds "12"]
[EventCountry "GER"]
[SourceTitle "Corr 2022"]
[Source "ChessBase"]
[SourceDate "2021.10.24"]
[SourceVersion "1"]
[SourceVersionDate "2021.10.24"]
[SourceQuality "1"]

1. d4 e6 2. e4 d5 3. Nc3 Bb4 4. e5 c5 5. a3 Bxc3+ 6. bxc3 Ne7 7. Qg4 Qc7 8. Bd3 c4 9. Be2 Qa5 10. Bd2 Nf5 11. Nf3 Nc6 12. 0-0 Bd7 13. Qh5 0-0 14. g4 Nfe7 15. Ng5 h6 16. Nf3 f6 17. exf6 Rxf6 18. g5 Be8 19. Qg4 hxg5 20. Bxg5 Rf5 21. Ra2 Bd7 22. Rb1 b6 23. a4 Raf8 24. Ra3 R5f7 25. Kh1 Qa6 26. Bxe7 Rxe7 27. Qh4 g6 28. Rg1 Rg7 29. Qh6 Ne7 30. Ne5 Be8 31. Raa1 Nf5 32. Qd2 Qb7 33. Bg4 Qc7 34. Rg2 Qd6 35. Bxf5 exf5 36. Qf4 Rf6 37. Rg5 Kf8 38. h4 Rh7 39. Kg2 a6 40. Rg1 Ke7 41. h5 1-0

[Event "WC-2015-Q-00006"]
[Site "LSS email"]
[Date "2015.09.08"]
[Round "?"]
[White "Markus, Roland"]
[Black "Raffaele, Enzo"]
[Result "1-0"]
[WhiteElo "2383"]
[BlackElo "2206"]
[PlyCount "69"]
[EventDate "2015.09.15"]
[EventType "tourn (corr)"]
[EventRounds "12"]
[EventCountry "GER"]
[SourceTitle "Corr 2022"]
[Source "ChessBase"]
[SourceDate "2021.10.24"]
[SourceVersion "1"]
[SourceVersionDate "2021.10.24"]
[SourceQuality "1"]

1. e4 c5 2. Nf3 Nc6 3. Bb5 g6 4. 0-0 Bg7 5. c3 Nf6 6. Qa4 a6 7. Re1 Qb6 8. Bxc6 Qxc6 9. Qxc6 dxc6 10. d4 cxd4 11. cxd4 0-0 12. h3 Rd8 13. Nc3 b5 14. Bg5 h6 15. Be3 Nd7 16. Rac1 Bb7 17. Red1 Rac8 18. b3 Nf8 19. Rd2 f6 20. b4 Ne6 21. Rdc2 Ra8 22. Ne2 Re8 23. Rd1 Rec8 24. a3 a5 25. Nd2 g5 26. Rdc1 a4 27. f4 gxf4 28. Nxf4 Nxf4 29. Bxf4 Re8 30. Nf3 e5 31. dxe5 fxe5 32. Be3 Red8 33. Kf2 Rd3 34. Rc3 c5 35. Rxd3 1-0

[Event "WC-2015-Q-00006"]
[Site "LSS email"]
[Date "2015.09.08"]
[Round "?"]
[White "Prata, Jorge"]
[Black "Raffaele, Enzo"]
[Result "1-0"]
[WhiteElo "2108"]
[BlackElo "2206"]
[PlyCount "67"]
[EventDate "2015.09.15"]
[EventType "tourn (corr)"]
[EventRounds "12"]
[EventCountry "GER"]
[SourceTitle "Corr 2022"]
[Source "ChessBase"]
[SourceDate "2021.10.24"]
[SourceVersion "1"]
[SourceVersionDate "2021.10.24"]
[SourceQuality "1"]

1. e4 g6 2. d4 Bg7 3. c4 d6 4. Nc3 Nf6 5. f3 0-0 6. Be3 Nfd7 7. Qd2 c5 8. d5 Qa5 9. Bh6 Bxh6 10. Qxh6 Qb4 11. Qd2 Na6 12. h4 Ne5 13. h5 Bd7 14. Rc1 f6 15. hxg6 hxg6 16. a3 Qb3 17. Be2 Kf7 18. Rh7+ Ke8 19. Nd1 g5 20. Rc3 Qb6 21. g3 Rf7 22. Rh6 Rf8 23. f4 gxf4 24. gxf4 Ng4 25. Rh7 f5 26. e5 Kd8 27. Bxg4 fxg4 28. e6 Be8 29. Rg3 Bg6 30. Rg7 Be8 31. Qh2 Kc8 32. Qh4 Qd8 33. R3xg4 Rf6 34. Qh7 1-0

[Event "WC-2015-P-00014"]
[Site "LSS email"]
[Date "2015.01.19"]
[Round "?"]
[White "Deforel, Jorge Eduardo"]
[Black "Raffaele, Enzo"]
[Result "1/2-1/2"]
[WhiteElo "2104"]
[BlackElo "2210"]
[PlyCount "67"]
[EventDate "2015.01.25"]
[EventType "tourn (corr)"]
[EventRounds "12"]
[EventCountry "GER"]
[SourceTitle "Corr 2022"]
[Source "ChessBase"]
[SourceDate "2021.10.24"]
[SourceVersion "1"]
[SourceVersionDate "2021.10.24"]
[SourceQuality "1"]

1. d4 d5 2. Nf3 Nf6 3. c4 e6 4. g3 dxc4 5. Bg2 a6 6. 0-0 Nc6 7. e3 Bd7 8. Qe2 b5 9. Rd1 Be7 10. Nc3 Nd5 11. e4 Nxc3 12. bxc3 0-0 13. a4 Na5 14. axb5 axb5 15. Bf4 Bc6 16. d5 exd5 17. Nd4 Bd7 18. exd5 Bd6 19. Bxd6 cxd6 20. Qb2 Qb6 21. Bf1 g6 22. Ra3 Ra6 23. Ra2 Rfa8 24. Rb1 h6 25. Be2 Kg7 26. Rba1 h5 27. Kg2 Qb7 28. Qb4 Nc6 29. dxc6 Bxc6+ 30. Nxc6 Rxa2 31. Rxa2 Rxa2 32. Bf3 Qb6 33. Nd4 Rd2 34. h4 1/2-1/2

[Event "WC-2015-P-00014"]
[Site "LSS email"]
[Date "2015.01.19"]
[Round "?"]
[White "Raffaele, Enzo"]
[Black "Parente, Antonio"]
[Result "1-0"]
[WhiteElo "2210"]
[BlackElo "1699"]
[PlyCount "105"]
[EventDate "2015.01.25"]
[EventType "tourn (corr)"]
[EventRounds "12"]
[EventCountry "GER"]
[SourceTitle "Corr 2022"]
[Source "ChessBase"]
[SourceDate "2021.10.24"]
[SourceVersion "1"]
[SourceVersionDate "2021.10.24"]
[SourceQuality "1"]

1. d4 Nf6 2. Nf3 e6 3. c4 d5 4. Nc3 Nc6 5. Bg5 Be7 6. e3 0-0 7. Rc1 h6 8. Bh4 Ne4 9. Bxe7 Qxe7 10. Bd3 Nxc3 11. Rxc3 dxc4 12. Bxc4 e5 13. 0-0 Rd8 14. h3 Be6 15. Bxe6 Qxe6 16. Qb3 exd4 17. exd4 Qxb3 18. Rxb3 b6 19. Rc1 Nxd4 20. Nxd4 Rxd4 21. Rxc7 Rad8 22. Rxa7 Rd1+ 23. Kh2 R1d2 24. Rf3 R8d7 25. Rxd7 Rxd7 26. Rb3 Rd6 27. Rb5 g5 28. a4 Kf8 29. b4 Kg7 30. g4 Rc6 31. Kg2 Kf8 32. a5 bxa5 33. bxa5 Rc3 34. a6 Ra3 35. Rb6 Kg7 36. Rc6 f6 37. f3 Kf7 38. Rc7+ Ke6 39. Ra7 Ra4 40. Kf2 Ke5 41. Ra8 Kf4 42. Re8 f5 43. Re6 Ra2+ 44. Ke1 Ra3 45. gxf5 Kxf5 46. Rxh6 Rxf3 47. Ke2 Ra3 48. Kd2 Ke5 49. Kc2 Kd4 50. Kb2 Ra4 51. Rg6 Kc5 52. Rxg5+ Kb6 53. Rg4 1-0

[Event "WC-2015-P-00014"]
[Site "LSS email"]
[Date "2015.01.19"]
[Round "?"]
[White "Vodicka, Milan"]
[Black "Raffaele, Enzo"]
[Result "1/2-1/2"]
[WhiteElo "2016"]
[BlackElo "2210"]
[PlyCount "86"]
[EventDate "2015.01.25"]
[EventType "tourn (corr)"]
[EventRounds "12"]
[EventCountry "GER"]
[SourceTitle "Corr 2022"]
[Source "ChessBase"]
[SourceDate "2021.10.24"]
[SourceVersion "1"]
[SourceVersionDate "2021.10.24"]
[SourceQuality "1"]

1. d4 Nf6 2. c4 e6 3. Nf3 b6 4. Nc3 Bb7 5. e3 Bb4 6. Bd2 0-0 7. Bd3 d5 8. cxd5 exd5 9. Rc1 a6 10. Ke2 Bd6 11. Re1 Nbd7 12. Kf1 c5 13. e4 cxd4 14. Nxd5 Nxd5 15. exd5 Nf6 16. Bg5 Bb4 17. Re5 Bd6 18. Rf5 Be7 19. Re5 Bd6 20. Rf5 Be7 21. Re5 h6 22. Bh4 Re8 23. Bc4 Rc8 24. Nxd4 Nxd5 25. Bxd5 Rxc1 26. Qxc1 Bxd5 27. Rxe7 Rxe7 28. Bxe7 Qxe7 29. Qc8+ Qf8 30. Qxf8+ Kxf8 31. b3 Ke7 32. f3 Be6 33. Ke2 Bd7 34. Ke3 Kd6 35. Ke4 Kc5 36. h4 b5 37. a3 a5 38. Kd3 b4 39. a4 g5 40. g3 Bc8 41. f4 Ba6+ 42. Ke4 gxh4 43. gxh4 Bb7+ 1/2-1/2

[Event "WC-2014-Q-00013"]
[Site "LSS email"]
[Date "2014.11.12"]
[Round "?"]
[White "Bergmann, Michael"]
[Black "Raffaele, Enzo"]
[Result "1-0"]
[WhiteElo "2534"]
[BlackElo "2213"]
[PlyCount "109"]
[EventDate "2014.11.20"]
[EventType "tourn (corr)"]
[EventRounds "12"]
[EventCountry "GER"]
[SourceTitle "Corr 2022"]
[Source "ChessBase"]
[SourceDate "2021.10.24"]
[SourceVersion "1"]
[SourceVersionDate "2021.10.24"]
[SourceQuality "1"]

1. e4 c5 2. Nf3 d6 3. d4 cxd4 4. Nxd4 Nf6 5. Nc3 a6 6. Be3 e5 7. Nb3 Be6 8. f3 h5 9. Nd5 Bxd5 10. exd5 Nbd7 11. Be2 g6 12. Qd2 Bg7 13. Na5 Qc7 14. c4 e4 15. 0-0 exf3 16. gxf3 0-0 17. b4 Ne5 18. c5 Rae8 19. Rac1 Qe7 20. Bf4 h4 21. Nc4 Nxc4 22. Bxc4 dxc5 23. d6 Qd7 24. bxc5 Qc8 25. Kh1 Kh7 26. Qf2 Qh3 27. Rfd1 Nh5 28. Bg5 Re5 29. Be7 Re8 30. Bf1 Qd7 31. Qxh4 Bh6 32. Re1 Be3 33. Bh3 Qc6 34. Bg4 R5xe7 35. Qxe7 Rxe7 36. dxe7 Nf6 37. Rxe3 Ne8 38. Ree1 Kg7 39. Bh3 Qd5 40. Bg2 Qxa2 41. f4 Qf2 42. Bxb7 Qxf4 43. Bg2 Qc7 44. c6 f6 45. Bf3 a5 46. Rc4 a4 47. Rxa4 Qb8 48. Kg2 Qb5 49. Ra8 Qg5+ 50. Kh1 Qd2 51. Rf1 Qd3 52. Bg2 Kf7 53. Rd8 Qb5 54. Re1 Qc5 55. c7 1-0

[Event "WC-2014-Q-00013"]
[Site "LSS email"]
[Date "2014.11.12"]
[Round "?"]
[White "Raffaele, Enzo"]
[Black "Bellanger, Michel"]
[Result "1/2-1/2"]
[WhiteElo "2213"]
[BlackElo "1908"]
[PlyCount "94"]
[EventDate "2014.11.20"]
[EventType "tourn (corr)"]
[EventRounds "12"]
[EventCountry "GER"]
[SourceTitle "Corr 2022"]
[Source "ChessBase"]
[SourceDate "2021.10.24"]
[SourceVersion "1"]
[SourceVersionDate "2021.10.24"]
[SourceQuality "1"]

1. d4 Nf6 2. c4 e6 3. Nf3 b6 4. g3 Bb7 5. Bg2 Bb4+ 6. Bd2 Bxd2+ 7. Qxd2 0-0 8. Nc3 d5 9. cxd5 exd5 10. 0-0 Re8 11. Rac1 Nbd7 12. Rfd1 c6 13. Qc2 a5 14. Nd2 Nf8 15. e4 dxe4 16. Ndxe4 Nxe4 17. Bxe4 Rc8 18. Rd2 h6 19. Rcd1 Rc7 20. d5 cxd5 21. Bxd5 Bxd5 22. Rxd5 Qc8 23. Qf5 Qxf5 24. Rxf5 Rc6 25. f4 Nh7 26. h3 Kf8 27. Kf2 Nf6 28. Kf3 Ree6 29. Rb5 g6 30. g4 h5 31. Rd4 Re1 32. Re5 Rxe5 33. fxe5 hxg4+ 34. hxg4 Nh7 35. Kf4 Ke8 36. Ne4 Rc2 37. Rd2 Rc4 38. a3 Ng5 39. Kxg5 Rxe4 40. Rd5 Kf8 41. Rb5 Ke7 42. Rxb6 Rxe5+ 43. Kh6 f6 44. Kg7 Rg5 45. Rxf6 Rxg4 46. Rb6 a4 47. Ra6 Kd7 1/2-1/2

[Event "WC-2014-Q-00013"]
[Site "LSS email"]
[Date "2014.11.12"]
[Round "?"]
[White "Raffaele, Enzo"]
[Black "Claridge, John"]
[Result "1/2-1/2"]
[WhiteElo "2213"]
[BlackElo "2436"]
[PlyCount "90"]
[EventDate "2014.11.20"]
[EventType "tourn (corr)"]
[EventRounds "12"]
[EventCountry "GER"]
[SourceTitle "Corr 2022"]
[Source "ChessBase"]
[SourceDate "2021.10.24"]
[SourceVersion "1"]
[SourceVersionDate "2021.10.24"]
[SourceQuality "1"]

1. d4 Nf6 2. c4 e6 3. Nf3 c5 4. d5 d6 5. Nc3 exd5 6. cxd5 g6 7. e4 a6 8. Bf4 b5 9. Qe2 Be7 10. Qc2 0-0 11. a4 b4 12. Nb1 b3 13. Qxb3 Nxe4 14. Bd3 f5 15. 0-0 Nd7 16. Qc2 g5 17. Be3 Rb8 18. Bxe4 fxe4 19. Nfd2 Qe8 20. Nc3 Ne5 21. Ndxe4 Qg6 22. f3 Bf5 23. Rae1 Rb4 24. Bc1 g4 25. f4 Nf3+ 26. gxf3 gxf3+ 27. Kh1 Bh4 28. Re3 f2 29. Qe2 Bg4 30. Rf3 Re8 31. f5 Qh5 32. Kg2 Kh8 33. Qe3 Rg8 34. Ng3 Bh3+ 35. Kxf2 Bxg3+ 36. hxg3 Bxf1 37. f6 Bc4 38. Kg2 Qf7 39. Qe7 Rb7 40. Qxd6 Rd7 41. Qxc5 Rxd5 42. Qc6 Rb8 43. b4 Rdd8 44. Qc5 Rbc8 45. Qe5 Re8 1/2-1/2

[Event "WC-2014-Q-00013"]
[Site "LSS email"]
[Date "2014.11.12"]
[Round "?"]
[White "Raffaele, Enzo"]
[Black "Mueller Alves, Martin"]
[Result "1/2-1/2"]
[WhiteElo "2213"]
[BlackElo "2475"]
[PlyCount "64"]
[EventDate "2014.11.20"]
[EventType "tourn (corr)"]
[EventRounds "12"]
[EventCountry "GER"]
[SourceTitle "Corr 2022"]
[Source "ChessBase"]
[SourceDate "2021.10.24"]
[SourceVersion "1"]
[SourceVersionDate "2021.10.24"]
[SourceQuality "1"]

1. d4 Nf6 2. c4 e6 3. Nf3 b6 4. g3 Ba6 5. b3 Bb4+ 6. Bd2 Be7 7. Bg2 c6 8. Bc3 d5 9. Ne5 Nfd7 10. Nxd7 Nxd7 11. Nd2 0-0 12. 0-0 f5 13. Rc1 Ba3 14. Rb1 Bd6 15. b4 Nf6 16. Qb3 Qe7 17. a4 Ne4 18. b5 cxb5 19. axb5 Bb7 20. Bxe4 fxe4 21. Bb4 Rac8 22. Bxd6 Qxd6 23. cxd5 Qxd5 24. Qxd5 exd5 25. Rb2 a6 26. bxa6 Bxa6 27. Re1 Rf6 28. Ra1 e3 29. Nf3 Bxe2 30. Rxe2 Rxf3 31. fxe3 Rc3 32. Ra8+ Kf7 1/2-1/2

[Event "WC-2014-Q-00013"]
[Site "LSS email"]
[Date "2014.11.12"]
[Round "?"]
[White "Schroeder, Christoph"]
[Black "Raffaele, Enzo"]
[Result "0-1"]
[WhiteElo "2311"]
[BlackElo "2213"]
[PlyCount "100"]
[EventDate "2014.11.20"]
[EventType "tourn (corr)"]
[EventRounds "12"]
[EventCountry "GER"]
[SourceTitle "Corr 2022"]
[Source "ChessBase"]
[SourceDate "2021.10.24"]
[SourceVersion "1"]
[SourceVersionDate "2021.10.24"]
[SourceQuality "1"]

1. e4 c5 2. Nf3 d6 3. d4 cxd4 4. Nxd4 Nf6 5. Nc3 a6 6. h3 e6 7. g4 Be7 8. g5 Nfd7 9. h4 b5 10. a3 Bb7 11. Be3 Nc6 12. Qd2 Rc8 13. 0-0-0 b4 14. axb4 Nxb4 15. Nb3 Bxe4 16. Nxe4 Rxc2+ 17. Qxc2 Nxc2 18. Kxc2 0-0 19. Kb1 d5 20. Ned2 Qa8 21. Rh3 a5 22. Nd4 e5 23. Nc2 a4 24. Nc4 Qc6 25. Na5 Qe6 26. Bd2 Rc8 27. Rc3 Rxc3 28. Bxc3 d4 29. Bc4 Qh3 30. Bd2 Qxh4 31. f4 exf4 32. Re1 Bf8 33. Nc6 Qxg5 34. N6xd4 Ne5 35. Be2 h5 36. Rf1 Ng6 37. Nf3 Qd5 38. Rd1 a3 39. Bc3 Qb7 40. Rd3 h4 41. Bf1 Be7 42. Nfe1 axb2 43. Bg2 Qb6 44. Bd4 Qe6 45. Bh3 Qe2 46. Rf3 Ne5 47. Rf2 Qd1+ 48. Kxb2 Nc4+ 49. Kc3 Na3 50. Rxf4 Nb5+ 0-1

[Event "CP-2014-P-00063"]
[Site "LSS email"]
[Date "2014.09.30"]
[Round "?"]
[White "Zmolil, Karel"]
[Black "Raffaele, Enzo"]
[Result "0-1"]
[WhiteElo "1326"]
[BlackElo "2220"]
[PlyCount "62"]
[EventDate "2014.10.01"]
[EventType "tourn (corr)"]
[EventRounds "6"]
[EventCountry "GER"]
[SourceTitle "Corr 2022"]
[Source "ChessBase"]
[SourceDate "2021.10.24"]
[SourceVersion "1"]
[SourceVersionDate "2021.10.24"]
[SourceQuality "1"]

1. e4 c5 2. Nc3 Nc6 3. Nf3 g6 4. d3 Bg7 5. Nd5 e6 6. Ne3 d5 7. exd5 exd5 8. Be2 Nge7 9. 0-0 0-0 10. Rb1 Nd4 11. h3 Nxe2+ 12. Qxe2 Re8 13. Qd1 d4 14. Nc4 b5 15. Ncd2 Qc7 16. Re1 Bd7 17. b3 Nd5 18. Bb2 f5 19. Nf1 Rxe1 20. Qxe1 Nf4 21. Ng3 Bc6 22. Bc1 Nxh3+ 23. Kh2 Re8 24. Qd2 Qd7 25. Ng1 Nxg1 26. Kxg1 h5 27. Ba3 h4 28. Ne2 b4 29. Bb2 h3 30. Nf4 Bh6 31. g3 h2+ 0-1

[Event "WC-2018-P-00013"]
[Site "LSS email"]
[Date "2014.02.03"]
[Round "?"]
[White "Raffaele, Enzo"]
[Black "Sukhanitskij, Stanislav"]
[Result "1/2-1/2"]
[WhiteElo "2149"]
[BlackElo "2059"]
[PlyCount "73"]
[EventDate "2014.02.10"]
[EventType "tourn (corr)"]
[EventRounds "12"]
[EventCountry "GER"]
[SourceTitle "Corr 2015"]
[Source "ChessBase"]
[SourceDate "2015.07.17"]
[SourceVersion "1"]
[SourceVersionDate "2015.07.17"]
[SourceQuality "1"]

1. e4 e5 2. Nf3 Nf6 3. Nxe5 d6 4. Nf3 Nxe4 5. d4 d5 6. Bd3 Nc6 7. 0-0 Be7 8. c4 Nb4 9. Be2 0-0 10. Nc3 Bf5 11. a3 Nxc3 12. bxc3 Nc6 13. Re1 Re8 14. cxd5 Qxd5 15. Bf4 Rac8 16. Bf1 Bd6 17. Rxe8+ Rxe8 18. c4 Qe4 19. Bxd6 cxd6 20. Ra2 Re7 21. Re2 Qb1 22. Qxb1 Bxb1 23. d5 Rxe2 24. Bxe2 Na5 25. Nd2 Bc2 26. f4 f5 27. Kf2 Kf7 28. Ke3 Ba4 29. g3 Kf6 30. Kd4 b6 31. Nf3 Nb7 32. Bd3 Nc5 33. Ke3 g6 34. Nd4 a6 35. Nc6 Bd1 36. Na7 Ke7 37. Kd2 1/2-1/2

[Event "WC-2018-P-00013"]
[Site "LSS email"]
[Date "2014.02.03"]
[Round "?"]
[White "Sukhanitskij, Stanislav"]
[Black "Raffaele, Enzo"]
[Result "1-0"]
[WhiteElo "2059"]
[BlackElo "2149"]
[PlyCount "117"]
[EventDate "2014.02.10"]
[EventType "tourn (corr)"]
[EventRounds "12"]
[EventCountry "GER"]
[SourceTitle "Corr 2015"]
[Source "ChessBase"]
[SourceDate "2015.07.17"]
[SourceVersion "1"]
[SourceVersionDate "2015.07.17"]
[SourceQuality "1"]

1. Nf3 Nf6 2. g3 c5 3. Bg2 g6 4. 0-0 Bg7 5. d4 0-0 6. dxc5 Qc7 7. b4 a5 8. Bf4 Qd8 9. b5 d6 10. cxd6 Ne4 11. dxe7 Qxe7 12. Nd4 Nd7 13. c3 Ndc5 14. Qc1 Re8 15. Nd2 Bd7 16. Nxe4 Nxe4 17. Qe3 Rac8 18. Rac1 g5 19. Qxe4 Qxe4 20. Bxe4 Rxe4 21. Bxg5 Bxd4 22. cxd4 Rxe2 23. a4 Ra2 24. Ra1 Rxa1 25. Rxa1 Be6 26. Bd2 Bb3 27. Ra3 Bd5 28. Kf1 b6 29. g4 Kf8 30. Ke2 Rc4 31. Ke3 Ke7 32. Bc3 Rc8 33. Kf4 f6 34. h4 Ke6 35. f3 Rc7 36. h5 Rc4 37. g5 fxg5+ 38. Kxg5 Rc7 39. Bb2 Re7 40. Rc3 Rg7+ 41. Kh6 Rf7 42. Re3+ Kd7 43. f4 Ba2 44. Bc1 Bb1 45. Re5 Bc2 46. Kg5 Bxa4 47. f5 Bc2 48. Ba3 Bd3 49. d5 a4 50. h6 Bxb5 51. f6 Bd3 52. Re6 Kc7 53. Rc6+ Kb7 54. Kf4 Rd7 55. Ke5 Be2 56. Rd6 Rc7 57. Rd8 Bh5 58. d6 Rc3 59. Rd7+ 1-0

[Event "WC-2017-P-00017"]
[Site "LSS email"]
[Date "2013.02.27"]
[Round "?"]
[White "Raffaele, Enzo"]
[Black "Loginov, Pavel"]
[Result "1-0"]
[WhiteElo "2128"]
[BlackElo "1888"]
[PlyCount "101"]
[EventDate "2013.03.03"]
[EventType "tourn (corr)"]
[EventRounds "12"]
[EventCountry "GER"]
[SourceTitle "Corr 2015"]
[Source "ChessBase"]
[SourceDate "2015.07.17"]
[SourceVersion "1"]
[SourceVersionDate "2015.07.17"]
[SourceQuality "1"]

1. e4 e5 2. Nc3 Nf6 3. g3 d5 4. exd5 Nxd5 5. Bg2 Nxc3 6. bxc3 Bc5 7. Nf3 Nc6 8. 0-0 0-0 9. d3 Re8 10. Ng5 h6 11. Ne4 Bb6 12. Qh5 Re6 13. Rb1 Rg6 14. h3 Bd7 15. Kh2 Ne7 16. Qxe5 Ba4 17. Nc5 Nc6 18. Qe4 Bxc2 19. Rb2 Bxc5 20. Rxc2 Re6 21. Qf5 Bd6 22. Be4 g6 23. Qf3 Bf8 24. d4 Qd7 25. Re2 Rae8 26. Rfe1 Bg7 27. d5 Ne5 28. Qh1 R6e7 29. Ba3 f5 30. Bxe7 fxe4 31. Rxe4 Rxe7 32. f4 Qxd5 33. c4 Qd6 34. fxe5 Rxe5 35. Rxe5 Bxe5 36. Qd5+ Qxd5 37. cxd5 Bd6 38. Re8+ Kf7 39. Ra8 a6 40. Ra7 b6 41. Rxa6 Kf6 42. Ra8 Ke5 43. Kg2 Kxd5 44. Rh8 h5 45. Rg8 c5 46. Rxg6 c4 47. Kf3 Kc6 48. Ke4 b5 49. Kd4 Kc7 50. g4 hxg4 51. hxg4 1-0

[Event "WC-2017-P-00017"]
[Site "LSS email"]
[Date "2013.02.27"]
[Round "?"]
[White "Rodrigues, Antonio F"]
[Black "Raffaele, Enzo"]
[Result "0-1"]
[WhiteElo "1938"]
[BlackElo "2128"]
[PlyCount "62"]
[EventDate "2013.03.03"]
[EventType "tourn (corr)"]
[EventRounds "12"]
[EventCountry "GER"]
[SourceTitle "Corr 2015"]
[Source "ChessBase"]
[SourceDate "2015.07.17"]
[SourceVersion "1"]
[SourceVersionDate "2015.07.17"]
[SourceQuality "1"]

1. d4 e6 2. e4 d5 3. Nc3 Bb4 4. e5 c5 5. a3 Bxc3+ 6. bxc3 Ne7 7. Qg4 cxd4 8. Qxg7 Rg8 9. Qxh7 Qc7 10. Ne2 Nbc6 11. f4 Bd7 12. h4 dxc3 13. h5 0-0-0 14. Qd3 Nf5 15. Qxc3 d4 16. Qc4 f6 17. exf6 e5 18. g3 Rge8 19. f7 Re7 20. h6 Be6 21. Qa4 Bd5 22. Rh5 Nxg3 23. Nxg3 exf4+ 24. Ne2 f3 25. Rxd5 fxe2 26. Bh3+ Kb8 27. Rxd8+ Nxd8 28. Qb3 Qh2 29. Bf4+ Qxf4 30. f8Q Qxf8 31. Qg3+ Ka8 0-1

[Event "RA-2012-0-00256"]
[Site "LSS email"]
[Date "2013.01.27"]
[Round "?"]
[White "Raffaele, Enzo"]
[Black "Oliveira, Diogo Luiz"]
[Result "1/2-1/2"]
[WhiteElo "2157"]
[BlackElo "2161"]
[PlyCount "114"]
[EventDate "2012.12.20"]
[EventType "tourn (corr)"]
[EventRounds "6"]
[EventCountry "GER"]
[SourceTitle "Telechess CBM 159"]
[Source "ChessBase"]
[SourceDate "2014.03.17"]
[SourceVersion "1"]
[SourceVersionDate "2014.03.17"]
[SourceQuality "1"]

1. c4 Nf6 2. d4 e6 3. Nc3 Bb4 4. e3 c5 5. Nge2 b6 6. a3 Ba5 7. Rb1 Na6 8. g3 Bb7 9. d5 b5 10. Bg2 bxc4 11. 0-0 0-0 12. e4 exd5 13. Nxd5 Nc7 14. Nxf6+ Qxf6 15. Qxd7 Rad8 16. Qa4 Qa6 17. Nf4 Rfe8 18. Be3 Bc6 19. Qc2 Bb6 20. Rfc1 Ba4 21. Qe2 Ba5 22. b4 cxb3 23. Qxa6 Nxa6 24. Bf1 Rd6 25. Nd3 Rxe4 26. Bxc5 Rc6 27. Bg2 f5 28. Be3 Rc2 29. Nb2 Rxe3 30. fxe3 Bd2 31. Rf1 Be8 32. Rxf5 Nc7 33. Nd1 g6 34. Bd5+ Nxd5 35. Rxd5 Bf7 36. Rd8+ Kg7 37. Rd7 Kf6 38. Rxa7 h5 39. Rxf7+ Kxf7 40. a4 g5 41. Kf1 Ra2 42. Rxb3 Rxa4 43. Ke2 Ba5 44. Kd3 Ke6 45. Nb2 Ra2 46. Nc4 Bc7 47. Nd2 g4 48. Rb5 Ra5 49. Rb7 Ra3+ 50. Ke2 Ba5 51. Nc4 Ra2+ 52. Rb2 Rxb2+ 53. Nxb2 Bd8 54. Nd3 Kf5 55. Nf4 h4 56. gxh4 Bxh4 57. h3 gxh3 1/2-1/2

[Event "SA-2012-0-00297"]
[Site "LSS email"]
[Date "2012.09.16"]
[Round "?"]
[White "Geiger, Walter"]
[Black "Raffaele, Enzo"]
[Result "1/2-1/2"]
[WhiteElo "2082"]
[BlackElo "2157"]
[PlyCount "99"]
[EventDate "2012.08.27"]
[EventType "tourn (corr)"]
[EventRounds "6"]
[EventCountry "GER"]
[SourceTitle "Telechess CBM 159"]
[Source "ChessBase"]
[SourceDate "2014.03.17"]
[SourceVersion "1"]
[SourceVersionDate "2014.03.17"]
[SourceQuality "1"]

1. e4 e5 2. Nf3 Nc6 3. Bb5 a6 4. Ba4 Nf6 5. 0-0 Be7 6. Re1 b5 7. Bb3 d6 8. c3 0-0 9. h3 Na5 10. Bc2 c5 11. d4 Qc7 12. Nbd2 cxd4 13. cxd4 Nc6 14. Nb3 a5 15. Be3 a4 16. Nbd2 Bd7 17. Rc1 Qb7 18. Qe2 Rfe8 19. Bd3 Rab8 20. dxe5 Nxe5 21. Nxe5 dxe5 22. Nf3 Bb4 23. Bd2 Bd6 24. Bb1 Be6 25. Red1 Bc4 26. Qe3 Rbc8 27. Nh4 g6 28. b3 Be6 29. Nf3 axb3 30. axb3 Nh5 31. Ng5 Nf4 32. Nxe6 Nxe6 33. b4 Rc4 34. Bc3 Bxb4 35. Bxe5 Rec8 36. Rxc4 bxc4 37. Bc2 Ra8 38. Qf3 Be7 39. g3 Ra3 40. Qe2 Qc6 41. Bb2 Ra8 42. Qf3 Bf8 43. Kg2 Qc8 44. Ra1 Rxa1 45. Bxa1 Qd7 46. Bc3 Qb5 47. Qe3 Bb4 48. Bf6 Bc5 49. Qd2 Qb6 50. Qd5 1/2-1/2